Realidades (Record no. 139873)

MARC details
000 -LEADER
campo de control de longitud fija 00548nam a2200169 4500
001 - NÚMERO DE CONTROL
campo de control 139873
003 - IDENTIFICADOR DE NÚMERO DE CONTROL
campo de control ES-MaACL
005 - FECHA Y HORA DE LA ÚLTIMA TRANSACCIÓN
campo de control 20230906195931.0
007 - CAMPO FIJO DE DESCRIPCIÓN FÍSICA--INFORMACIÓN GENERAL
campo de control de longitud fija t|
008 - DATOS DE LONGITUD FIJA--INFORMACIÓN GENERAL
campo de control de longitud fija 070214s1970 sp r ||||1| spa d
100 1# - ENTRADA PRINCIPAL--NOMBRE DE PERSONA
Nombre de persona Schlink, Basilea.
9 (RLIN) 104426
245 10 - MENCIÓN DEL TÍTULO
Título Realidades
Resto del título : experiencias actuales de la acción de Dios /
Mención de responsabilidad, etc. Basilea Schlink ; [la traducción... por Emilio Prieto Martín].
260 ## - PUBLICACIÓN, DISTRIBUCIÓN, ETC.
Lugar de publicación, distribución, etc. Madrid :
Nombre del editor, distribuidor, etc. Marova,
Fecha de publicación, distribución, etc. 1970.
300 ## - DESCRIPCIÓN FÍSICA
Extensión 223 p. ;
Dimensiones 19 cm.
700 1# - ENTRADA AGREGADA--NOMBRE PERSONAL
Nombre de persona Prieto Martín, Emilio.
9 (RLIN) 93934
852 ## - LOCALIZACIÓN
Ubicación ES-MaACL
Número de control de estantería C-50590
Sublocalización o colección R.73683
Holdings
Estatus retirado Estado de pérdida Estado de daño No para préstamo Biblioteca de origen Biblioteca actual Ubicación en estantería Fecha de adquisición Fuente de adquisición Total de préstamos Signatura topográfica completa Código de barras Visto por última vez Precio de reemplazo Tipo de ítem Koha
        Biblioteca del Ateneo de Madrid Biblioteca del Ateneo de Madrid Depósito 2 17/01/2008     C-50590 1145555 23/02/2023 23/02/2023 Libro impreso